[Event "WYCC U14 Open 2019"]
[Site "Mumbai"]
[Date "2019.10.03"]
[Round "3.11"]
[White "Borhy, Marcell"]
[Black "Laux, Dominik"]
[Result "1-0"]
[WhiteElo "2321"]
[BlackElo "2015"]
[Annotator "NA RC"]
[PlyCount "59"]
[EventDate "2019.10.02"]
[EventType "swiss"]
[EventCountry "IND"]
[SourceTitle "playchess.com"]
[Source "ChessBase"]
[SourceQuality "1"]
[TimeControl "40/5400+30:1800+30"]

1. Nf3 {[%emt 0:00:00]} d5 {[%emt 0:00:00]} 2. g3 {[%emt 0:00:00]} Nf6 {[%emt 0:01:00]} 3. Bg2 {[%emt 0:00:00]} Nc6 {[%emt 0:01:32]} 4. d4 {[%emt 0:02:05]} Bf5 {[%emt 0:01:29]} 5. c4 {[%emt 0:02:52]} e6 {[%emt 0:01:26]} 6. O-O {[%emt 0:01:21]} Be7 {[%emt 0:02:33]} 7. cxd5 {[%emt 0:01:43]} exd5 {[%emt 0:00:27]} 8. Nc3 {[%emt 0:00:08]} O-O {[%emt 0:01:56]} 9. Bf4 {[%emt 0:05:53]} Ne4 {[%emt 0:05:18]} 10. Rc1 {[%emt 0:04:44]} Rc8 {[%emt 0:05:02]} 11. Qb3 {[%emt 0:11:24]} Nxc3 {[%emt 0:04:45]} 12. Rxc3 {[%emt 0:01:48]} Na5 {[%emt 0:02:41]} 13. Qa4 {[%emt 0:01:42]} b6 {[%emt 0:03:49]} 14. Ne5 {[%emt 0:14:14]} g5 {[%emt 0:09:37]} 15. Bd2 {[%emt 0:02:27]} Qd6 {[%emt 0:03:56]} 16. Rcc1 {[%emt 0:03:44]} f6 {[%emt 0:05:12]} 17. Bxa5 {[%emt 0:00:31]} fxe5 {[%emt 0:01:56]} 18. dxe5 {[%emt 0:00:46]} Qxe5 {[%emt 0:01:25]} 19. Bc3 {[%emt 0:00:10]} Qd6 {[%emt 0:02:43]} 20. Qd4 {[%emt 0:01:54]} Bf6 {[%emt 0:01:24]} 21. Qxd5+ {[%emt 0:00:40]} Qxd5 {[%emt 0:01:55]} 22. Bxd5+ {[%emt 0:00:03]} Kg7 {[%emt 0:00:15]} 23. Bxf6+ {[%emt 0:01:15]} Kxf6 {[%emt 0:00:37]} 24. e4 {[%emt 0:01:32]} Bg6 {[%emt 0:02:30]} 25. Rc6+ {[%emt 0:03:37]} Ke7 {[%emt 0:02:18]} 26. Rfc1 {[%emt 0:00:06]} Kd8 {[%emt 0:00:30]} 27. Be6 {[%emt 0:00:51]} Ra8 {[%emt 0:01:37]} 28. Rxc7 {[%emt 0:01:09]} Bxe4 29. Rd7+ Ke8 {[%emt 0:00:55]} 30. Re1 {[%emt 0:00:42]} 1-0

[Event "WYCC U14 Open 2019"]
[Site "Mumbai"]
[Date "2019.10.03"]
[Round "3.12"]
[White "Tadic, Stefan"]
[Black "Sahakyan, Aleks"]
[Result "1-0"]
[WhiteElo "2295"]
[BlackElo "1991"]
[Annotator "NA"]
[PlyCount "113"]
[EventDate "2019.10.02"]
[EventType "swiss"]
[EventCountry "IND"]
[SourceTitle "playchess.com"]
[Source "ChessBase"]
[SourceQuality "1"]
[TimeControl "40/5400+30:1800+30"]

1. e4 {[%emt 0:00:00]} c5 {[%emt 0:00:00]} 2. Nf3 {[%emt 0:00:00]} d6 {[%emt 0:00:00]} 3. d4 {[%emt 0:00:00]} cxd4 {[%emt 0:00:00]} 4. Nxd4 {[%emt 0:00:00]} Nf6 {[%emt 0:00:00]} 5. f3 {[%emt 0:00:00]} e5 {[%emt 0:00:00]} 6. Bb5+ {[%emt 0:00:00]} Nbd7 {[%emt 0:00:17]} 7. Nf5 {[%emt 0:00:00]} d5 {[%emt 0:00:28]} 8. exd5 {[%emt 0:00:10]} a6 {[%emt 0:00:05]} 9. Ba4 {[%emt 0:00:03]} b5 {[%emt 0:00:08]} 10. Bb3 {[%emt 0:00:05]} Nc5 {[%emt 0:00:09]} 11. Ne3 {[%emt 0:00:05]} Bb7 {[%emt 0:03:13]} 12. c4 {[%emt 0:16:08]} Qa5+ {[%emt 0:13:24]} 13. Nc3 {[%emt 0:13:49]} Nxb3 {[%emt 0:07:06]} 14. Qxb3 {[%emt 0:00:20]} Bc5 {[%emt 0:00:01]} 15. Bd2 {[%emt 0:21:55]} Qb6 {[%emt 0:03:48]} 16. Ne4 {[%emt 0:10:15]} Nxe4 {[%emt 0:01:56]} 17. fxe4 {[%emt 0:00:10]} Qg6 {[%emt 0:02:30]} 18. Qd3 {[%emt 0:02:37]} O-O {[%emt 0:04:24]} 19. b3 {[%emt 0:08:50]} Bc8 {[%emt 0:11:39]} 20. O-O {[%emt 0:10:47]} Bh3 {[%emt 0:06:02]} 21. Rf2 {[%emt 0:02:30]} f5 {[%emt 0:01:13]} 22. Kh1 {[%emt 0:03:29]} f4 {[%emt 0:01:30]} 23. gxh3 {[%emt 0:00:36]} fxe3 {[%emt 0:00:29]} 24. Rg2 {[%emt 0:01:34]} Qh5 {[%emt 0:02:52]} 25. Be1 {[%emt 0:02:36]} Rf6 {[%emt 0:13:38]} 26. Bg3 {[%emt 0:00:16]} Raf8 {[%emt 0:00:38]} 27. Qe2 {[%emt 0:00:23]} Qxh3 {[%emt 0:00:39]} 28. Bxe5 {[%emt 0:00:55]} Rg6 {[%emt 0:01:48]} 29. Rxg6 {[%emt 0:05:03]} hxg6 {[%emt 0:03:47]} 30. Bg3 {[%emt 0:00:39]} Bd6 {[%emt 0:01:35]} 31. Qg2 {[%emt 0:00:28]} Qh5 {[%emt 0:03:24]} 32. Rg1 {[%emt 0:01:34]} Bxg3 {[%emt 0:03:31]} 33. Qxg3 {[%emt 0:00:04]} Rf2 {[%emt 0:00:05]} 34. Re1 {[%emt 0:00:52]} Rf3 {[%emt 0:04:11]} 35. Qg1 {[%emt 0:00:06]} Qh3 {[%emt 0:00:22]} 36. Qg2 {[%emt 0:00:35]} Qh5 {[%emt 0:01:41]} 37. d6 {[%emt 0:00:39]} Rf8 {[%emt 0:01:32]} 38. Qg3 {[%emt 0:00:14]} e2 {[%emt 0:02:05]} 39. Qg2 {[%emt 0:00:50]} Qe5 {[%emt 0:01:07]} 40. Qxe2 {[%emt 0:00:22]} Qxd6 {[%emt 0:00:06]} 41. cxb5 {[%emt 0:30:52]} axb5 {[%emt 0:30:19]} 42. Qxb5 {[%emt 0:00:00]} Qf4 {[%emt 0:00:00]} 43. Qd3 {[%emt 0:00:00]} Qf2 {[%emt 0:00:00]} 44. Qe2 {[%emt 0:00:00]} Qh4 {[%emt 0:00:00]} 45. e5 {[%emt 0:00:00]} Rf2 {[%emt 0:00:00]} 46. Qc4+ {[%emt 0:00:00]} Qxc4 {[%emt 0:00:00]} 47. bxc4 {[%emt 0:00:00]} Rxa2 {[%emt 0:00:00]} 48. Rc1 {[%emt 0:00:00]} Re2 {[%emt 0:00:00]} 49. c5 {[%emt 0:00:00]} Rxe5 {[%emt 0:00:00]} 50. c6 {[%emt 0:00:00]} Re8 {[%emt 0:00:00]} 51. c7 {[%emt 0:00:00]} Rc8 {[%emt 0:00:00]} 52. Kg2 {[%emt 0:00:00]} Kf7 {[%emt 0:00:00]} 53. Kg3 {[%emt 0:00:00]} Ke6 {[%emt 0:00:00]} 54. Kg4 {[%emt 0:00:00]} Kd7 {[%emt 0:00:00]} 55. Kg5 {[%emt 0:00:00]} Rh8 {[%emt 0:00:00]} 56. c8=Q+ {[%emt 0:00:00]} Rxc8 {[%emt 0:00:00]} 57. Rxc8 {[%emt 0:00:00]} 1-0

[Event "WYCC U14 Open 2019"]
[Site "Mumbai"]
[Date "2019.10.03"]
[Round "3.13"]
[White "Morgunov, Marc"]
[Black "Sun, Jiajun B"]
[Result "1/2-1/2"]
[WhiteElo "2280"]
[BlackElo "1977"]
[Annotator "NA"]
[PlyCount "60"]
[EventDate "2019.10.02"]
[EventType "swiss"]
[EventCountry "IND"]
[SourceTitle "playchess.com"]
[Source "ChessBase"]
[SourceQuality "1"]
[TimeControl "40/5400+30:1800+30"]

1. e4 {[%emt 0:00:00]} c5 {[%emt 0:00:00]} 2. Nf3 {[%emt 0:00:00]} e6 {[%emt 0:00:00]} 3. d4 {[%emt 0:00:34]} cxd4 {[%emt 0:00:00]} 4. Nxd4 {[%emt 0:00:05]} a6 {[%emt 0:00:00]} 5. Nc3 {[%emt 0:04:47]} Qc7 {[%emt 0:00:07]} 6. g3 {[%emt 0:01:14]} Nf6 {[%emt 0:00:40]} 7. Bg2 {[%emt 0:00:49]} Bb4 {[%emt 0:00:26]} 8. O-O {[%emt 0:05:29]} Nc6 {[%emt 0:01:10]} 9. a3 {[%emt 0:09:34]} Bxc3 {[%emt 0:00:46]} 10. bxc3 {[%emt 0:00:06]} d6 {[%emt 0:00:02]} 11. Nxc6 {[%emt 0:04:55]} bxc6 {[%emt 0:00:09]} 12. Qd3 {[%emt 0:09:46]} O-O {[%emt 0:03:43]} 13. Rd1 {[%emt 0:11:30]} d5 {[%emt 0:06:25]} 14. Rb1 {[%emt 0:10:29]} a5 {[%emt 0:02:57]} 15. exd5 {[%emt 0:03:28]} cxd5 {[%emt 0:03:06]} 16. Bf4 {[%emt 0:02:21]} Qc5 {[%emt 0:00:17]} 17. Qd4 {[%emt 0:02:22]} Qxa3 {[%emt 0:01:09]} 18. c4 {[%emt 0:01:27]} Ba6 {[%emt 0:15:11]} 19. cxd5 {[%emt 0:02:39]} Nxd5 {[%emt 0:02:07]} 20. Ra1 {[%emt 0:04:40]} Qb4 {[%emt 0:02:13]} 21. Qxb4 {[%emt 0:01:16]} axb4 {[%emt 0:00:07]} 22. Bd6 {[%emt 0:01:45]} Rfc8 {[%emt 0:02:20]} 23. Bxd5 {[%emt 0:01:01]} exd5 {[%emt 0:00:23]} 24. Bxb4 {[%emt 0:01:23]} Bc4 {[%emt 0:00:21]} 25. Rxa8 {[%emt 0:00:19]} Rxa8 {[%emt 0:00:04]} 26. Bc5 {[%emt 0:00:40]} Rc8 {[%emt 0:00:25]} 27. Bd4 {[%emt 0:00:14]} f6 {[%emt 0:00:08]} 28. c3 {[%emt 0:00:04]} Kf7 {[%emt 0:00:05]} 29. Re1 {[%emt 0:00:17]} Re8 {[%emt 0:00:13]} 30. Rxe8 {[%emt 0:00:05]} Kxe8 {[%emt 0:00:03]} 1/2-1/2

[Event "WYCC U14 Open 2019"]
[Site "Mumbai"]
[Date "2019.10.03"]
[Round "3.14"]
[White "Poltorak, Sebastian"]
[Black "Suleymanli, Suleyman"]
[Result "1-0"]
[WhiteElo "2130"]
[BlackElo "1941"]
[Annotator "NA"]
[PlyCount "67"]
[EventDate "2019.10.02"]
[EventType "swiss"]
[EventCountry "IND"]
[SourceTitle "playchess.com"]
[Source "ChessBase"]
[SourceQuality "1"]
[TimeControl "40/5400+30:1800+30"]

1. d4 {[%emt 0:00:00]} d5 {[%emt 0:00:00]} 2. c4 {[%emt 0:00:00]} dxc4 {[%emt 0:00:00]} 3. e4 {[%emt 0:00:15]} Nf6 {[%emt 0:00:13]} 4. e5 {[%emt 0:02:59]} Nd5 {[%emt 0:00:15]} 5. Bxc4 {[%emt 0:00:16]} Nb6 {[%emt 0:00:17]} 6. Bd3 {[%emt 0:01:12]} Nc6 {[%emt 0:00:54]} 7. Be3 {[%emt 0:01:31]} Nb4 {[%emt 0:03:18]} 8. Be4 {[%emt 0:02:39]} f5 {[%emt 0:03:31]} 9. exf6 {[%emt 0:05:06]} exf6 {[%emt 0:00:48]} 10. a3 {[%emt 0:05:57]} Qe7 {[%emt 0:12:58]} 11. Nc3 {[%emt 0:09:01]} Nc6 {[%emt 0:02:45]} 12. Nge2 {[%emt 0:06:58]} Bd7 {[%emt 0:04:29]} 13. O-O {[%emt 0:06:40]} O-O-O {[%emt 0:02:47]} 14. d5 {[%emt 0:01:31]} Ne5 {[%emt 0:03:18]} 15. Rc1 {[%emt 0:03:47]} f5 {[%emt 0:06:46]} 16. Bxb6 {[%emt 0:02:21]} axb6 {[%emt 0:00:56]} 17. Bxf5 {[%emt 0:08:30]} Bxf5 {[%emt 0:06:27]} 18. Qa4 {[%emt 0:00:20]} Bd3 {[%emt 0:04:09]} 19. Qa8+ {[%emt 0:02:16]} Kd7 {[%emt 0:00:07]} 20. Qxb7 {[%emt 0:00:38]} Qf6 {[%emt 0:09:19]} 21. d6 {[%emt 0:10:08]} Bxd6 {[%emt 0:14:23]} 22. Nd5 {[%emt 0:00:15]} Qf7 {[%emt 0:04:06]} 23. Rxc7+ {[%emt 0:00:34]} Bxc7 {[%emt 0:00:19]} 24. Qxc7+ {[%emt 0:00:04]} Ke6 {[%emt 0:01:13]} 25. Nef4+ {[%emt 0:00:12]} Kf5 {[%emt 0:00:26]} 26. g4+ {[%emt 0:00:38]} Kxg4 {[%emt 0:01:55]} 27. Qxe5 {[%emt 0:01:25]} Bxf1 {[%emt 0:07:09]} 28. h3+ {[%emt 0:16:13]} Bxh3 {[%emt 0:04:46]} 29. f3+ {[%emt 0:00:07]} Kh4 {[%emt 0:00:49]} 30. Qe1+ {[%emt 0:01:26]} Kg5 {[%emt 0:00:11]} 31. Nxh3+ {[%emt 0:00:04]} Kg6 {[%emt 0:00:41]} 32. Qe4+ {[%emt 0:00:12]} Kh6 {[%emt 0:00:31]} 33. Qe3+ {[%emt 0:00:05]} Kg6 {[%emt 0:00:12]} 34. Qg5# {[%emt 0:00:35]} 1-0

[Event "WYCC U14 Open 2019"]
[Site "Mumbai"]
[Date "2019.10.03"]
[Round "3.15"]
[White "Petkov, Momchil"]
[Black "Vo, Pham Thien Phuc"]
[Result "1/2-1/2"]
[WhiteElo "2333"]
[BlackElo "1807"]
[Annotator "TA"]
[PlyCount "277"]
[EventDate "2019.10.02"]
[EventType "swiss"]
[EventCountry "IND"]
[SourceTitle "playchess.com"]
[Source "ChessBase"]
[SourceQuality "1"]

{[%evp 14,277,20,32,50,14,54,52,49,49,54,52,60,50,67,64,112,83,107,47,73,73,72,62,135,135,144,135,147,142,150,95,162,102,87,104,100,114,113,125,122,132,144,123,147,93,123,124,172,152,160,0,188,113,191,179,204,90,109,58,60,62,62,62,61,63,59,4,43,41,117,127,115,137,117,139,146,146,138,128,128,78,79,79,80,87,250,193,193,150,244,247,251,251,251,251,251,251,251,250,251,202,194,194,239,228,196,195,180,150,241,183,175,149,211,211,211,211,525,523,516,508,563,563,562,291,291,291,291,291,291,291,291,291,291,291,282,275,275,275,275,275,275,275,275,275,275,275,275,275,275,275,275,275,275,275,275,275,275,275,452,275,275,275,275,187,187,187,187,187,187,176,29964,29966,29965,29961,12756,190,190,190,190,190,190,190,190,190,190,190,190,190,190,190,190,190,190,190,190,0,190,190,190,190,190,190,190,190,190,190,190,190,190,190,190,190,190,190,190,20,20,20,20,20,20,20,28,28,28,28,28,28,28,24,28,24,40,40,40,40,40,40,40,40,40,40,40,40,40,40,40,40,40,40,40,40,40,28,40,40,40,40,40,40,40,0,0,0]} 1. d4 Nf6 2. c4 g6 3. Nc3 Bg7 4. Nf3 O-O 5. Bg5 d6 6. e3 Nbd7 7. Be2 h6 8. Bh4 b6 {E61: King's Indian: Early deviations for White, including Smyslov System} (8... e5 9. O-O {½-½ (9) Sedlak,N (2622)-Popovic,D (2628) Belgrade 2014}) 9. O-O Bb7 (9... g5 $5 {[%cal Rg5h4]} 10. Bg3 Nh5 $11) 10. Qc2 Re8 {White is slightly better.} 11. Rfd1 c6 $146 ({Predecessor:} 11... Nf8 12. c5 Qc8 13. Rac1 Ne6 14. cxd6 cxd6 15. Qb3 g5 16. Bg3 h5 {1-0 (44) Novosel,T (2181)-Gabre,Z (2108) Sisak 2013}) 12. b4 Qc7 13. h3 Rac8 14. Rab1 Qb8 15. Bg3 Qa8 16. a4 (16. Qb3 $16) 16... a5 17. bxa5 $1 bxa5 18. Nd2 Bf8 (18... Qa7 $14) 19. Nb3 $16 Rb8 20. c5 Ba6 21. Bf3 $1 Bc4 22. Nd2 (22. cxd6 $142 Bxb3 23. Rxb3 Rxb3 24. Qxb3) 22... Be6 (22... Rxb1 $16 23. Qxb1 (23. Rxb1 Be6 $16) 23... Bd5) 23. cxd6 ({White should try} 23. Rxb8 $18 Rxb8 24. cxd6 exd6 25. Nb5 $1 {[%mdl 576] Pin}) 23... exd6 24. Rxb8 Qxb8 25. Bxc6 Rc8 26. Bb5 $1 Qc7 27. Rc1 Nd5 {[%cal Rc7c3]} 28. Ndb1 N7f6 29. e4 (29. Nxd5 $142 Nxd5 30. Qxc7 Rxc7 31. Rxc7 Nxc7 32. Bc6) 29... Nxc3 30. Nxc3 Bd7 31. Ba6 Ra8 32. Bb5 Rc8 $1 33. Qb1 (33. Bf4 $18) 33... Bxb5 (33... Qb6 $16) 34. axb5 $18 Qb6 35. Qd3 (35. Kh2 $1 $18 {and the rest is easy.} Re8 36. Qd3) 35... d5 $16 36. Rb1 ({Much worse is} 36. exd5 $6 Nxd5 37. Qd2 Nxc3 $11) ({Better is} 36. f3 $16) 36... dxe4 $14 37. Nxe4 Nxe4 38. Qxe4 a4 39. Be5 a3 40. Qe2 (40. Kh2 $14) 40... Re8 41. Qc2 $36 {[%mdl 2048] White has the initiative.} Re6 (41... Bg7 $14) 42. Bc7 $16 Qb7 43. b6 Rc6 44. Qa2 Rxc7 45. bxc7 Qxc7 {[%mdl 4096] Endgame KQR-KQB} 46. d5 Qe5 47. Qc4 Bd6 {Threatens to win with ...Qh2+.} 48. g3 h5 49. h4 Kg7 $2 (49... Bc5 $16 {might work better.} 50. Qxc5 a2) 50. Rc1 Kh7 51. Kg2 Kg7 (51... Qb2 $16 {is a better defense.}) 52. Rc2 $18 Qf5 53. Re2 Qf6 54. Qa6 Qd8 55. Qc6 Qf6 56. Qc4 Be5 57. Rd2 Bd6 58. Qd3 Kh7 59. Qf3 Qe7 60. Re2 Qd7 61. Qf6 Kg8 (61... Bf8 $16 {was necessary.}) 62. Kh2 Kh7 63. Rc2 Kg8 (63... Bf8 $16 64. Qd4 Bg7) 64. Rc6 Bf8 {[#]} 65. Qd4 $1 Bd6 $2 (65... a2 {is more resistant.} 66. Qa4 Qxd5) 66. Ra6 {White threatens Ra8+ and mate.} Qd8 67. Kg2 Bf8 68. d6 a2 {intending ...Bg7.} 69. Rxa2 Qxd6 70. Qxd6 Bxd6 {KR-KB} 71. Kf3 Kg7 72. Ke4 Bb4 73. Ke5 Kf8 74. Rc2 Kg7 75. Rc4 Be1 {[#]} 76. Rf4 $1 Bd2 77. Rf3 Bb4 78. Kd5 Kf8 79. Rf4 Bd2 80. Re4 Bc3 81. Kd6 Ba5 82. Kd7 Bb6 83. Re2 Bc5 84. f3 Bd4 85. g4 hxg4 86. fxg4 Bf6 $2 (86... Ba1 87. Rf2 Bc3) 87. Rh2 Bd4 88. Kd6 Be3 {...Bf4+ is the strong threat.} 89. Kd5 Bf4 90. Rh1 Kg7 91. Ke4 Bg3 92. h5 {aiming for h6+.} gxh5 $2 (92... Kh7 $18 93. Rh3 Bc7) 93. gxh5 Bd6 94. Kf5 Be7 95. Rd1 $2 (95. Kg4 {Strongly threatening h6+.} Bf8 96. Rc1) 95... Ba3 96. Rb1 Bc5 97. Rb7 Be3 98. Rb3 Bd4 99. Rd3 Bb2 100. Rd6 {Hoping for h6+.} Bc1 101. Rc6 Bd2 102. Rc2 Be3 103. Rg2+ Kh6 104. Rg8 Bd4 105. Rg2 Be3 $1 106. Kg4 Bd4 107. Rd2 Be3 108. Rd3 Bc1 109. Rd5 Kg7 110. Rf5 Bd2 111. Kf3 Bc1 112. Ke4 Bd2 113. Kd5 Bc1 114. Kd6 Kh6 115. Ke7 $2 (115. Ke5 $18) 115... Bg5+ $11 116. Kxf7 Kxh5 117. Ke6 Kg4 118. Ke5 Bd8 119. Ke4 Kg3 120. Rf3+ Kg2 121. Rb3 Bc7 122. Ke3 Bh2 123. Rb2+ Kh1 124. Kf3 Bg1 125. Kg3 Bc5 126. Rd2 Bb6 127. Rd7 Bc5 128. Rd5 Bb6 129. Rb5 Bc7+ 130. Kf2 Bd6 131. Rg5 Bh2 132. Rg7 Bd6 133. Rg1+ Kh2 134. Rg5 {[%cal Rg5h5]} Kh1 135. Rd5 Bc7 136. Kf3 Bh2 137. Rd1+ Bg1 138. Rxg1+ Kxg1 139. Ke4 {Accuracy: White = 66%, Black = 58%.} 1/2-1/2

[Event "WYCC U14 Open 2019"]
[Site "Mumbai"]
[Date "2019.10.03"]
[Round "3.16"]
[White "Gokhale Rishabh Chandrashekhar"]
[Black "Pranav Vijay"]
[Result "0-1"]
[WhiteElo "1925"]
[BlackElo "2265"]
[Annotator "NA"]
[PlyCount "47"]
[EventDate "2019.10.02"]
[EventType "swiss"]
[EventCountry "IND"]
[SourceTitle "playchess.com"]
[Source "ChessBase"]
[SourceQuality "1"]
[TimeControl "40/5400+30:1800+30"]

1. Nf3 {[%emt 0:00:00]} Nf6 {[%emt 0:00:00]} 2. d4 {[%emt 0:00:02]} e6 {[%emt 0:00:00]} 3. c4 {[%emt 0:00:21]} b6 {[%emt 0:00:36]} 4. g3 {[%emt 0:00:11]} Ba6 {[%emt 0:00:07]} 5. b3 {[%emt 0:00:22]} Bb7 {[%emt 0:02:19]} 6. Bg2 {[%emt 0:00:11]} Bb4+ {[%emt 0:00:09]} 7. Bd2 {[%emt 0:00:09]} Be7 {[%emt 0:00:10]} 8. Nc3 {[%emt 0:01:00]} O-O {[%emt 0:00:38]} 9. O-O {[%emt 0:04:01]} d6 {[%emt 0:10:16]} 10. Qc2 {[%emt 0:02:55]} Nbd7 {[%emt 0:02:31]} 11. Bf4 {[%emt 0:05:29]} c5 {[%emt 0:02:53]} 12. dxc5 {[%emt 0:19:24]} bxc5 {[%emt 0:01:58]} 13. Rad1 {[%emt 0:02:17]} Qb6 {[%emt 0:01:38]} 14. e4 {[%emt 0:06:38]} Rfe8 {[%emt 0:09:33]} 15. Rfe1 {[%emt 0:01:13]} Rad8 {[%emt 0:03:14]} 16. h3 {[%emt 0:05:41]} h6 {[%emt 0:02:47]} 17. Bc1 {[%emt 0:03:02]} Bc6 {[%emt 0:02:32]} 18. Bb2 {[%emt 0:02:51]} Qb7 {[%emt 0:00:40]} 19. Ba1 {[%emt 0:01:14]} Nxe4 {[%emt 0:03:34]} 20. Kh2 {[%emt 0:05:48]} Ne5 {[%emt 0:01:46]} 21. Nxe5 {[%emt 0:00:30]} dxe5 {[%emt 0:00:19]} 22. Nd5 {[%emt 0:00:57]} Bf8 {[%emt 0:01:08]} 23. f4 {[%emt 0:07:37]} Qb8 {[%emt 0:00:52]} 24. fxe5 {[%emt 0:01:28]} 0-1

[Event "WYCC U14 Open 2019"]
[Site "Mumbai"]
[Date "2019.10.04"]
[Round "4.1"]
[White "Srihari L R"]
[Black "Sreeshwan Maralakshikari"]
[Result "*"]
[WhiteElo "2283"]
[BlackElo "2449"]
[Annotator "TA"]
[PlyCount "30"]
[EventDate "2019.10.02"]
[EventType "swiss"]
[EventCountry "IND"]
[SourceTitle "playchess.com"]
[Source "ChessBase"]
[SourceQuality "1"]

{[%evp 13,19,19,19,12,8,9,20,23]} 1. d4 d5 2. c4 c6 3. Nf3 Nf6 4. Qc2 g6 5. Bf4 Bg7 6. e3 O-O 7. Nc3 Bg4 {The position is equal.} 8. Ne5 {D93: Grünfeld: 4 Nf3 Bg7 5 Bf4 0-0 6 e3} Be6 9. Be2 Nbd7 10. Rd1 (10. cxd5 Nxd5 11. Nxd5 Bxd5 12. Nxd7 Qxd7 13. O-O Qe6 14. b4 a5 15. a3 f5 {½-½ (33) Dubov,D (2661)-Kobalia,M (2623) Kaliningrad 2015}) {Predecessor:} 10... Rc8 $146 11. Qb3 Nxe5 12. Bxe5 Qb6 13. c5 Qxb3 14. axb3 Nd7 15. Bxg7 Kxg7 {½-½ (44) Nosenko,A (2427)-Ovsejevitsch,S (2526) Ordzhonikidze 2000} *

[Event "WYCC U14 Open 2019"]
[Site "Mumbai"]
[Date "2019.10.04"]
[Round "4.2"]
[White "Kolay, Alex"]
[Black "Suleymanli, Aydin"]
[Result "1/2-1/2"]
[WhiteElo "2164"]
[BlackElo "2426"]
[Annotator "NA"]
[PlyCount "65"]
[EventDate "2019.10.02"]
[EventType "swiss"]
[EventCountry "IND"]
[SourceTitle "playchess.com"]
[Source "ChessBase"]
[SourceQuality "1"]
[TimeControl "40/5400+30:1800+30"]

1. d4 d5 {[%emt 0:02:25]} 2. c4 {[%emt 0:00:00]} c6 {[%emt 0:00:15]} 3. Nf3 {[%emt 0:00:00]} Nf6 {[%emt 0:00:05]} 4. Nc3 {[%emt 0:00:00]} a6 {[%emt 0:00:03]} 5. c5 {[%emt 0:00:07]} Bf5 {[%emt 0:00:08]} 6. Bf4 {[%emt 0:00:10]} Nbd7 {[%emt 0:00:04]} 7. e3 {[%emt 0:00:34]} Nh5 {[%emt 0:05:08]} 8. Bg5 {[%emt 0:02:33]} h6 {[%emt 0:00:34]} 9. Bh4 {[%emt 0:00:07]} g5 {[%emt 0:00:52]} 10. Bg3 {[%emt 0:00:07]} Nxg3 {[%emt 0:00:14]} 11. hxg3 {[%emt 0:00:06]} Bg7 {[%emt 0:05:22]} 12. Bd3 {[%emt 0:05:42]} Bg4 {[%emt 0:00:40]} 13. Qb3 {[%emt 0:01:05]} Rb8 {[%emt 0:02:12]} 14. Nh2 {[%emt 0:04:13]} Be6 {[%emt 0:00:26]} 15. Qa3 {[%emt 0:20:45]} f5 {[%emt 0:03:42]} 16. f4 {[%emt 0:01:43]} g4 {[%emt 0:01:04]} 17. Na4 {[%emt 0:01:50]} h5 {[%emt 0:03:04]} 18. Nf1 {[%emt 0:01:54]} Bf6 {[%emt 0:02:01]} 19. Qc3 {[%emt 0:01:10]} Kf7 {[%emt 0:00:49]} 20. Qc2 {[%emt 0:04:53]} Kg6 {[%emt 0:00:19]} 21. b4 {[%emt 0:01:17]} Qf8 {[%emt 0:04:12]} 22. Be2 {[%emt 0:03:46]} Kg7 {[%emt 0:01:48]} 23. Bd3 {[%emt 0:00:42]} Kg6 {[%emt 0:00:25]} 24. Be2 {[%emt 0:00:11]} Qg7 {[%emt 0:00:27]} 25. Nb2 {[%emt 0:00:51]} Kf7 {[%emt 0:01:06]} 26. Nd3 {[%emt 0:00:11]} h4 {[%emt 0:00:17]} 27. gxh4 {[%emt 0:03:09]} Rxh4 {[%emt 0:01:57]} 28. Rxh4 {[%emt 0:03:22]} Bxh4+ {[%emt 0:00:07]} 29. g3 {[%emt 0:00:17]} Bf6 {[%emt 0:00:22]} 30. a4 {[%emt 0:01:29]} Rh8 {[%emt 0:02:31]} 31. Nf2 {[%emt 0:01:16]} Nf8 {[%emt 0:10:16]} 32. b5 {[%emt 0:15:21]} Ng6 {[%emt 0:02:48]} 33. bxa6 {[%emt 0:07:18]} 1/2-1/2

[Event "WYCC U14 Open 2019"]
[Site "Mumbai"]
[Date "2019.10.04"]
[Round "4.3"]
[White "Samant Aditya S"]
[Black "Colbow, Collin"]
[Result "1-0"]
[WhiteElo "2334"]
[BlackElo "2148"]
[Annotator "NA"]
[PlyCount "79"]
[EventDate "2019.10.02"]
[EventType "swiss"]
[EventCountry "IND"]
[SourceTitle "playchess.com"]
[Source "ChessBase"]
[SourceQuality "1"]
[TimeControl "40/5400+30:1800+30"]

1. e4 {[%emt 0:00:00]} c5 {[%emt 0:00:00]} 2. Nf3 {[%emt 0:00:00]} d6 {[%emt 0:00:00]} 3. d4 {[%emt 0:00:00]} cxd4 {[%emt 0:00:00]} 4. Nxd4 {[%emt 0:00:00]} Nf6 {[%emt 0:00:02]} 5. Nc3 {[%emt 0:00:00]} a6 {[%emt 0:00:07]} 6. Be3 {[%emt 0:00:03]} e5 {[%emt 0:00:10]} 7. Nf3 {[%emt 0:00:14]} Be7 {[%emt 0:00:07]} 8. Bc4 {[%emt 0:00:08]} O-O {[%emt 0:00:07]} 9. O-O {[%emt 0:00:09]} Nc6 {[%emt 0:00:09]} 10. Qe2 {[%emt 0:07:38]} Na5 {[%emt 0:00:54]} 11. Bd5 {[%emt 0:04:45]} Be6 {[%emt 0:03:43]} 12. Rfd1 {[%emt 0:04:27]} Nd7 {[%emt 0:06:21]} 13. Nd2 {[%emt 0:09:55]} Rc8 {[%emt 0:12:48]} 14. Nf1 {[%emt 0:26:12]} b5 {[%emt 0:06:08]} 15. a4 {[%emt 0:13:34]} b4 {[%emt 0:06:39]} 16. Na2 {[%emt 0:02:01]} b3 {[%emt 0:01:17]} 17. Nc3 {[%emt 0:02:58]} bxc2 {[%emt 0:03:48]} 18. Qxc2 {[%emt 0:00:30]} Nc4 {[%emt 0:02:19]} 19. b3 {[%emt 0:05:37]} Ncb6 {[%emt 0:03:54]} 20. Bxb6 {[%emt 0:02:59]} Qxb6 {[%emt 0:01:59]} 21. Ne3 {[%emt 0:02:58]} Qc5 {[%emt 0:03:31]} 22. Bc4 {[%emt 0:00:51]} Nb6 {[%emt 0:05:08]} 23. Ned5 {[%emt 0:03:23]} Bg5 {[%emt 0:03:45]} 24. Nxb6 {[%emt 0:01:02]} Qxb6 {[%emt 0:00:05]} 25. Nd5 {[%emt 0:00:33]} Qc5 {[%emt 0:01:11]} 26. a5 {[%emt 0:05:02]} Kh8 {[%emt 0:03:31]} 27. Qe2 {[%emt 0:01:15]} f5 {[%emt 0:04:35]} 28. Bxa6 {[%emt 0:00:10]} fxe4 {[%emt 0:06:14]} 29. Bxc8 {[%emt 0:00:23]} Bxd5 {[%emt 0:00:19]} 30. b4 {[%emt 0:01:39]} Qc3 {[%emt 0:01:28]} 31. Qe1 {[%emt 0:03:54]} Qb3 {[%emt 0:11:16]} 32. Rab1 {[%emt 0:00:53]} Qa2 {[%emt 0:00:51]} 33. Bh3 {[%emt 0:01:17]} Bb3 {[%emt 0:01:23]} 34. Ra1 {[%emt 0:01:46]} Qc2 {[%emt 0:03:57]} 35. a6 {[%emt 0:00:15]} e3 {[%emt 0:00:57]} 36. fxe3 {[%emt 0:00:40]} Qe4 {[%emt 0:00:40]} 37. Rxd6 {[%emt 0:00:42]} Bxe3+ {[%emt 0:01:07]} 38. Kh1 {[%emt 0:00:01]} Qf4 {[%emt 0:00:13]} 39. Rd3 {[%emt 0:00:48]} Bd4 {[%emt 0:00:51]} 40. Rf3 {[%emt 0:00:10]} 1-0